000 00558nam a2200205Ia 4500
005 20250508160641.0
008 008 250505s9999 xx 000 0 eng d
020 _a0-571-08708-6
037 _aTextual
040 _aFEDL
_beng
_cFEDL
041 _aeng
_2eng
084 _a301.243, FIG
_qFEDL
100 _aFiges Eva
_913043
245 0 _aPatriarchal attitudes: Women in society
260 _aLondon, UK
_bFaber and Faber
_c1970
300 _a191p
650 _aSociology
942 _cTEXL
_h301.243, FIG
999 _c1365834
_d1365834